Managing the construction process : (Record no. 531977)

000 -LEADER
fixed length control field 00965cam a2200301 a 4500
001 - CONTROL NUMBER
control field 16302100
003 - CONTROL NUMBER IDENTIFIER
control field NUST
005 - DATE AND TIME OF LATEST TRANSACTION
control field 20191105120823.0
008 - FIXED-LENGTH DATA ELEMENTS--GENERAL INFORMATION
fixed length control field 100625s2012 maua b 001 0 eng
010 ## - LIBRARY OF CONGRESS CONTROL NUMBER
LC control number 2010026551
020 ## - INTERNATIONAL STANDARD BOOK NUMBER
International Standard Book Number 9780138135966 (alk. paper)
020 ## - INTERNATIONAL STANDARD BOOK NUMBER
International Standard Book Number 0138135967 (alk. paper)
038 ## - RECORD CONTENT LICENSOR
Staff Name MSOHAIL
040 ## - CATALOGING SOURCE
Original cataloging agency DLC
Transcribing agency DLC
Modifying agency DLC
042 ## - AUTHENTICATION CODE
Authentication code pcc
050 00 - LIBRARY OF CONGRESS CALL NUMBER
Classification number TH438
Item number .G68 2012
082 00 - DEWEY DECIMAL CLASSIFICATION NUMBER
Classification number 690
Edition number 22
100 1# - MAIN ENTRY--PERSONAL NAME
Personal name Gould, Frederick E.,
Dates associated with a name 1954-
9 (RLIN) 25204
245 10 - TITLE STATEMENT
Title Managing the construction process :
Remainder of title estimating, scheduling, and project control /
Statement of responsibility, etc. Frederick E. Gould.
250 ## - EDITION STATEMENT
Edition statement 4th ed.
260 ## - PUBLICATION, DISTRIBUTION, ETC.
Place of publication, distribution, etc. Boston :
Name of publisher, distributor, etc. Prentice Hall,
Date of publication, distribution, etc. c2012.
300 ## - PHYSICAL DESCRIPTION
Extent xiv, 290 p. :
Other physical details ill. (some col.) ;
Dimensions 29 cm.
504 ## - BIBLIOGRAPHY, ETC. NOTE
Bibliography, etc. note Includes bibliographical references and index.
650 #0 - SUBJECT ADDED ENTRY--TOPICAL TERM
Topical term or geographic name entry element Building
General subdivision Superintendence.
9 (RLIN) 19468
906 ## - LOCAL DATA ELEMENT F, LDF (RLIN)
a 7
b cbc
c orignew
d 1
e ecip
f 20
g y-gencatlg
942 ## - ADDED ENTRY ELEMENTS (KOHA)
Source of classification or shelving scheme
Koha item type Book
Holdings
Withdrawn status Lost status Source of classification or shelving scheme Damaged status Not for loan Permanent Location Current Location Date acquired Total Checkouts Full call number Barcode Date last seen Price effective from Koha item type
          School of Civil and Environmental Engineering (SCEE) School of Civil and Environmental Engineering (SCEE) 11/05/2019   690 NIT-11894 11/05/2019 11/05/2019 Book
© 2023 Central Library, National University of Sciences and Technology. All Rights Reserved.